| 000 | 01161cam a22003135i 4500 | ||
|---|---|---|---|
| 001 | 016830280 | ||
| 003 | EG-ScBUE | ||
| 005 | 20230117120919.0 | ||
| 008 | 140808t2014 cauc f 000 0 eng d | ||
| 020 | _a9781600583810 (pbk.) | ||
| 040 |
_aStDuBDS _beng _erda _cStDuBDS _dEG-ScBUE _dEG-ScBUE |
||
| 082 | 0 | 4 |
_a751.426 _bGLO _222 |
| 100 | 1 |
_aGlover, David Lloyd, _d1949- _eauthor. _939405 |
|
| 245 | 1 | 0 |
_aPastoral landscapes : _blearn to paint panoramic vistas and colorful flora step by step / _cby David Lloyd Glover. |
| 264 | 1 |
_aIrvine : _bWalter Foster Publishing, _c[2014] |
|
| 264 | 4 | _cc2014 | |
| 300 |
_a32 pages : _billustrations ; _c35 cm. |
||
| 336 |
_2rdacontent _atext _btxt |
||
| 337 |
_2rdamedia _aunmediated _bn |
||
| 338 |
_2rdacarrier _avolume _bnc |
||
| 490 | 0 |
_aOil & acrylic. _aHow to draw and paint ; _vHT333 |
|
| 500 | _aMastering composition - Achieving depth - Suggesting light - Rendering foliage. | ||
| 650 | 7 |
_aAcrylic painting _xTechnique. _2BUEsh _937974 |
|
| 650 | 7 |
_aLandscape painting _xTechnique. _2BUEsh _937852 |
|
| 651 | _2BUEsh | ||
| 653 |
_bCOMAME _cJune2015 _cFebruary2016 |
||
| 655 | _vReading book | ||
| 942 |
_2ddc _cBB |
||
| 999 |
_c19659 _d19631 |
||